| 000 | 00421nam a2200145 i 4500 | ||
|---|---|---|---|
| 001 | 30783 | ||
| 003 | ES-MaACL | ||
| 007 | t| | ||
| 008 | 030127s1920 fr ||||1| fre d | ||
| 100 | 1 |
_aBellessort, André. _927200 |
|
| 245 | 1 | 0 |
_aVirgile _b: son oeuvre et son temps / _cAndré Bellessort. |
| 260 |
_aParís : _bPerrin et Cie, _c1920. |
||
| 300 |
_aIX, 335 p., 1 lám. : _b1 map. ; _c18 cm. |
||
| 852 |
_aES-MaACL _jG-4600 |
||
| 999 |
_c30783 _d30783 |
||